1059 1315 1480 1762 1707 1195 1914 1500 1569 1887 1314 1168 1788 1075 1137 1579 1317 1487 1284 1489 1050 1320 1255 1737 1718 1673 1376 1289 1797 1912 1999 1129 1385 1112 1867 1660 1286 1881 1802 1366 1242 1552 1881 1783 1206 1610 1184 1520 1357 1238 1234 1139 1880 1062 1637 1201 1467 1497 1593 1023 1974 1003 1372 1728 1156 1952 1865 1913 1110 1425 1402 1627 1379 1215 1403 1772 1872 1534 1299 1973 1227 1848 1015 1836 1734 1874 1888 1004 1624 1238 1459 1403 1785 1574 1197 1540 1470 1516 1147 BCNSPRNW ULIB Ver.6.0+V

เปลี่ยนเป็นภาษาไทย

Change to English
 แสดงรายละเอียดบรรณานุกรม
  กลับหน้าหลัก

Brief Record : Get Marc (ISO 2709) : E-mail record : QR code < ปิดหน้าต่าง
LEADER : 00000nam 2200000uu 4500
001    13399122342
003     ULIB
008    130219s2555||||th 000 0 tha d
099    วจ.WT100^bอ488ก
100 0  อังคณาพร สอนง่าย
245 00 การใช้ชุมชนเป็นฐานในการดูแลสุขภาพของผู้สูงอายุในเขตชนบทจังหวัดพิษณุโลก:การวิเคราะห์สถานการณ์^c
260    พิษณุโลก:^b,วิทยาลัยพยาบาลบรมราชชนนี ^c2555
300    85 หน้า
650  0 ผู้สูงอายุ^xวิจัย
650  0 ผู้สุงอายุูู^xการดูล^xวิจัย
700 0  ประจวบ แหลมหลัก
700 0  สมตระกูล ราศิริ
700 0  จงดี ขจรไชยกุล
700 0  นภา ทองกิจ
945    ^p0^l0^i033593
999    ^aเกษร โพธิ์สุวรรณ
รายการนี้ยังไม่มีแท็ก
คุณยังไม่ได้ล็อกอิน คุณสามารถมีกิจกรรมร่วมกับเว็บไซต์ได้ แต่ต้องล็อกอินก่อน ::
  ล็อกอิน

รายการสื่อสารสนเทศ

ลำดับที่ ประเภท เลขเรียก/บาร์โค้ด สถานที่ สถานะ
1. วิทยาศาสตร์การแพทย์ และสุขภาพ
วิทยาศาสตร์การแพทย์ และสุขภาพ
วจ.WT100 อ488ก  
  Barcode: 033593
ห้องสมุดวิทยาเขตสวรรค์ประชารักษ์
►วิจัย
บนชั้น

BibComment


ยังไม่เคยถูกคอมเมนท์

คอมเมนท์ทรัพยากรรายการนี้
  คอมเมนท์: การใช้ชุมชนเป็นฐา..


 Copyright 2026. Bcnsprnw @Library